[Event "4th Karen Asrian Memorial"]
[Site "Jermuk ARM"]
[Date "2011.06.17"]
[Round "2"]
[White "Kotanjian,T"]
[Black "Hayrapetian,A"]
[Result "1-0"]
[WhiteElo "2517"]
[BlackElo "2352"]

1.d4 Nf6 2.c4 g6 3.Nc3 Bg7 4.e4 d6 5.Nf3 O-O 6.Be2 e5 7.O-O Na6 8.Be3 Ng4
9.Bg5 Qe8 10.dxe5 h6 11.Bd2 dxe5 12.Qc1 Kh7 13.c5 Nxc5 14.Nd5 Ne6 15.Nxc7 Nxc7
16.Qxc7 f5 17.exf5 gxf5 18.h3 e4 19.hxg4 exf3 20.Bxf3 fxg4 21.Rfe1 Qd8 22.Be4+ Kh8
23.Qxd8 Rxd8 24.Rad1 Be6 25.b3 Rab8 26.Bf4 Rxd1 27.Rxd1 Rf8 28.g3 b6 29.Rd6 Bf5
30.Bxf5 Rxf5 31.Bxh6 Ra5 32.Bxg7+ Kxg7 33.a4 Kf7 34.Rd4 Rg5 35.Rd7+ Ke6 36.Rxa7 Kd6
37.Rf7  1-0

[Event "Voronezh FIDE Open"]
[Site "Voronezh RUS"]
[Date "2011.06.17"]
[Round "6.17"]
[White "Pogosian,G"]
[Black "Belenkov,Dmitry"]
[Result "0-1"]
[WhiteElo "2171"]
[BlackElo "2040"]

1.d4 Nf6 2.c4 g6 3.Nc3 Bg7 4.e4 d6 5.Be2 O-O 6.Nf3 e5 7.d5 Nbd7 8.Nd2 a5
9.h4 h5 10.Nf3 Nc5 11.Bg5 Qd7 12.Nd2 a4 13.Qc2 Ng4 14.f3 Nh6 15.O-O-O f6
16.Be3 f5 17.Nb5 b6 18.Kb1 fxe4 19.fxe4 Ba6 20.Nc3 Ng4 21.Bxg4 Qxg4 22.b4 axb3
23.axb3 Bb7 24.Nf3 Bc8 25.Kb2 Bd7 26.Ra1 Rfb8 27.Rxa8 Rxa8 28.Ra1 Rxa1 29.Kxa1 Bf6
30.b4 Na6 31.b5 Nc5 32.Bxc5 bxc5 33.Qf2 Qf4 34.Qe1 Bg4 35.Ng1 Qh2 36.g3 Qc2
37.Nge2 Qd3 38.Qb1 Bxe2 39.Nxe2 Qxe2 40.b6 cxb6 41.Qxb6 Qxe4 42.Qxd6 Qd4+  0-1

[Event "49th National Challengers ch-IND"]
[Site "Aurangabad IND"]
[Date "2011.06.18"]
[Round "4"]
[White "Saravanan,V1"]
[Black "Singh,Pr"]
[Result "1-0"]
[WhiteElo "2423"]
[BlackElo "2157"]

1.Nf3 g6 2.c4 Bg7 3.d4 Nf6 4.Nc3 O-O 5.e4 d6 6.Be2 e5 7.Be3 c6 8.d5 c5 9.Nd2 Ne8
10.g4 f5 11.gxf5 gxf5 12.exf5 Bxf5 13.Nde4 Nd7 14.Ng3 Bh3 15.Nce4 Rf4 16.Qc2 Qh4
17.O-O-O Ndf6 18.Bxf4 exf4 19.Nxf6+ Nxf6 20.Nf5 Bxf5 21.Qxf5 Re8 22.Bd3 Qxf2
23.Rd2 Qe3 24.Rf1 Ne4 25.Bxe4 Qxe4 26.Qxe4 Rxe4 27.b3 Bd4 28.Kd1 Be3 29.Rg2+ Kf7
30.Ke2 Re5 31.Kd3 Rh5 32.Rf3 Rh4 33.h3 Rh5 34.Rg4 Re5 35.h4 a6 36.Rg5 Re7
37.a4 h6 38.Rg2 Re5 39.Rh3 Rh5 40.Ke4 b5 41.axb5 axb5 42.Kf3 bxc4 43.bxc4 Re5
44.h5 Bc1 45.Re2 Be3 46.Rh1 Kf6 47.Rg2 Kf7 48.Ra2 Kf6 49.Ra6 Rg5 50.Rxd6+ Ke5
51.Rg6 Rf5 52.Rd1 Rxh5 53.d6 Rh3+ 54.Kg2  1-0

[Event "DJEM U18 w"]
[Site "Oberhof GER"]
[Date "2011.06.18"]
[Round "9.8"]
[White "Bluebaum,J"]
[Black "Rogasch,Miriam"]
[Result "1-0"]
[WhiteElo "1998"]
[BlackElo "1795"]

1.d4 Nf6 2.c4 g6 3.Nc3 Bg7 4.e4 d6 5.Nf3 O-O 6.Be2 e5 7.Be3 Ng4 8.Bg5 f6
9.Bh4 Nc6 10.d5 Ne7 11.Nd2 Nh6 12.f3 Nf7 13.b4 g5 14.Bf2 f5 15.c5 Bd7 16.Nc4 b6
17.cxd6 cxd6 18.Rc1 Ng6 19.exf5 Bxf5 20.Ne4 Nf4 21.Ne3 Nxe2 22.Qxe2 Bd7 23.O-O a6
24.Qd2 Bb5 25.Rfe1 Bf6 26.Kh1 Be7 27.Nf5 Rb8 28.Rc3 Qd7 29.g4 a5 30.Rec1 Bd8
31.Rc7 Bxc7 32.Nf6+  1-0

[Event "Teplice Open"]
[Site "Teplice CZE"]
[Date "2011.06.18"]
[Round "8"]
[White "Porat,Ma"]
[Black "Sejkora,V"]
[Result "1/2-1/2"]
[WhiteElo "2278"]
[BlackElo "2189"]

1.d4 Nf6 2.c4 g6 3.Nc3 Bg7 4.e4 d6 5.Nf3 O-O 6.Be2 Nbd7 7.O-O e5 8.Re1 c6
9.d5 c5 10.a3 Ne8 11.Bg5 f6 12.Bh4 Bh6 13.b4 a5 14.bxa5 Qxa5 15.Qc2 Rf7 16.h3 Nf8
17.Nb5 Bf4 18.Red1 Qd8 19.Nd2 h5 20.Nf1 Rh7 21.Bg3 Qe7 22.a4 Nd7 23.Ra3 Qg7
24.Bh2 Nb8 25.Bd3 Na6 26.Bxf4 exf4 27.e5 Nb4 28.Qb1 Nxd3 29.exf6 Qxf6 30.Qxd3 Re7
31.Qf3 Bd7 32.Nd2 g5 33.Qc3 Qg6 34.Raa1 g4 35.h4 Ng7 36.Nf1 Nf5 37.Qd2 Bxb5
38.axb5 Rf8 39.Re1 Rxe1 40.Qxe1 Nd4 41.Qe7 Re8 42.Qg5 Qxg5 43.hxg5 Kg7 44.Nd2 Kg6
45.Kf1 Kxg5 46.f3 gxf3 47.gxf3 Re2 48.Ne4+ Kh4 49.Nxd6 Rh2 50.Ra3 Nc2 51.Rc3 Ne3+
52.Ke1 Kg3 53.Ne4+ Kxf3 54.Nd2+ Kg4 55.d6 Rh1+ 56.Ke2 Nf5 57.d7 Nd4+ 58.Kf2 Rh2+
59.Kf1 Rxd2 60.d8=Q Rd1+ 61.Kf2 Rd2+ 62.Kf1 Rd1+ 63.Kf2 Rd2+  1/2-1/2

[Event "Teplice Open"]
[Site "Teplice CZE"]
[Date "2011.06.18"]
[Round "8"]
[White "Smolik,Boris"]
[Black "Seidl,S"]
[Result "0-1"]
[WhiteElo "1917"]
[BlackElo "2090"]

1.d4 Nf6 2.c4 g6 3.Nc3 Bg7 4.e4 O-O 5.Nf3 d6 6.Be2 Nbd7 7.O-O e5 8.Re1 c6
9.Be3 h6 10.h3 Kh7 11.Qc2 Ne8 12.b4 f5 13.d5 f4 14.Bc1 c5 15.Ba3 g5 16.Nd2 Kg6
17.Rab1 h5 18.bxc5 Nxc5 19.Bxc5 dxc5 20.Qa4 g4 21.hxg4 hxg4 22.Qb5 Rh8 23.g3 Qg5
24.Bxg4 Bxg4 25.Qxb7 Qh5 26.Qc6+ Nf6  0-1

[Event "Voronezh FIDE Open"]
[Site "Voronezh RUS"]
[Date "2011.06.18"]
[Round "7.54"]
[White "Savenko,Ivan"]
[Black "Shestakov,D"]
[Result "1/2-1/2"]
[WhiteElo "1677"]
[BlackElo "2284"]

1.Nf3 Nf6 2.d4 g6 3.c4 Bg7 4.Nc3 O-O 5.e4 d6 6.Be2 e5 7.Be3 Nbd7 8.h3 exd4
9.Nxd4 Nc5 10.Bd3 Re8 11.Qc2 Qe7 12.f3 c6 13.O-O-O d5 14.cxd5 cxd5 15.Bb5 Rd8
16.Bg5 dxe4 17.fxe4 h6 18.Bxf6 Bxf6 19.Nd5 Bg5+ 20.Kb1 Qxe4 21.Qxe4 Nxe4
22.Nc7 Rb8 23.Nf3 Bf5 24.Ka1 Rbc8 25.Nd5 Rc5 26.Nxg5 hxg5 27.Bd7 Nf2 28.Nf6+ Kh8  1/2-1/2

[Event "14th Iraklio's Open"]
[Site "Athens GRE"]
[Date "2011.06.19"]
[Round "9"]
[White "Moutousis,K"]
[Black "Papadopoulos,Geo3"]
[Result "1-0"]
[WhiteElo "2450"]
[BlackElo "2015"]

1.Nf3 Nf6 2.c4 g6 3.Nc3 Bg7 4.e4 d6 5.d4 O-O 6.Be2 e5 7.d5 a5 8.Bg5 h6 9.Bh4 Qe8
10.Nd2 Na6 11.g4 Bd7 12.h3 Nc5 13.f3 c6 14.Bf2 cxd5 15.cxd5 b5 16.Bxc5 dxc5
17.a4 b4 18.Nb5 Qd8 19.Qb3 Ne8 20.O-O-O Bxb5 21.Bxb5 Nd6 22.Bc6 Rc8 23.Kb1 Bf6
24.Qe3 c4 25.Qc5 c3 26.Nb3 Be7 27.Qxa5 Nc4 28.Qxd8 Rfxd8 29.bxc3 bxc3 30.Kc2 Bb4
31.Na1 Ne3+ 32.Kb3 Nxd1 33.Rxd1 Ba5 34.Kc2 Rc7 35.Nb3 Ra7 36.Nxa5 Rxa5 37.Rd3 Kf8
38.Rxc3 Ke7 39.Bb5 Ra7 40.Kb3 Rd6 41.Kb4 Kd8 42.Rc6 Rdd7 43.Kc5 Ra8 44.d6 f6
45.Rb6 Rc8+ 46.Kd5 Rf7 47.Ke6  1-0

[Event "49th National Challengers ch-IND"]
[Site "Aurangabad IND"]
[Date "2011.06.19"]
[Round "6"]
[White "Singh,DP"]
[Black "Navalgund,N"]
[Result "1-0"]
[WhiteElo "2327"]
[BlackElo "2188"]

1.d4 Nf6 2.c4 g6 3.Nc3 Bg7 4.e4 d6 5.Nf3 O-O 6.Be2 Na6 7.O-O e5 8.d5 Nc5
9.Qc2 a5 10.Be3 b6 11.Ne1 Ng4 12.Bd2 Kh8 13.f3 Nh6 14.Nd3 f5 15.Nf2 Ng8 16.a3 a4
17.Rad1 Nb3 18.Be3 f4 19.Bc1 Nd4 20.Qd3 h5 21.Rde1 Nxe2+ 22.Qxe2 g5 23.g3 Nh6
24.gxf4 exf4 25.Kh1 Nf7 26.Nd3 Ne5 27.Nxe5 Bxe5 28.Nd1 g4 29.Bd2 g3 30.hxg3 fxg3
31.Kg2 h4 32.f4 h3+ 33.Kg1 Bd4+ 34.Be3 Bxe3+ 35.Nxe3 Qh4 36.f5 Rg8 37.Rf3 Qxe4
38.Nf1 h2+ 39.Kh1 Bxf5 40.Nxg3 Qxe2 41.Rxe2 Bg4 42.Rxh2+ Kg7 43.Rf4 Bd1 44.Nf5+ Kf6
45.Nh6+ Ke5 46.Rf1 Bb3 47.Rh4 Raf8 48.Re1+ Kf6 49.Re6+ Kg7 50.Rg4+ Kh7 51.Nxg8  1-0

[Event "3rd Gaudeamus Cup"]
[Site "Bucharest ROU"]
[Date "2011.06.19"]
[Round "4"]
[White "Cirlan,I"]
[Black "Barbu,G"]
[Result "1/2-1/2"]
[WhiteElo "2131"]
[BlackElo "1940"]

1.Nf3 Nf6 2.d4 g6 3.c4 Bg7 4.Nc3 O-O 5.e4 d6 6.Be2 e5 7.d5 Na6 8.h3 Nd7 9.O-O f5
10.Ng5 Nf6 11.f4 Nc5 12.fxe5 dxe5 13.exf5 Bxf5 14.Be3 Nfe4 15.Ncxe4 Nxe4
16.Nxe4 Bxe4 17.Bg4 Qe7 18.Qe2 c6 19.Rad1 cxd5 20.cxd5 Bf5 21.Bxf5 Rxf5 22.d6 Qe6
23.Rxf5 gxf5 24.Qb5 b6 25.d7 Bf6 26.Qa6 f4 27.Bf2 e4 28.Qa4 e3 29.Be1 f3
30.gxf3 Kf7 31.Qb3 Rg8+ 32.Kh1 Qxb3 33.axb3 Rd8 34.Bc3 Bxc3 35.bxc3 e2 36.Re1 Rxd7
37.Rxe2 Rd3 38.Kg2 Rxc3 39.b4 b5 40.Ra2 Rc7 41.Ra5 Rb7 42.Kg3 Ke6 43.Ra3 Kd5
44.Rc3 Kd4 45.Rc8 Re7 46.f4 Re3+ 47.Kg4 Rb3 48.Rc7 h5+ 49.Kxh5 Rxh3+ 50.Kg5 Rg3+
51.Kf5 Rb3 52.Ke6 Rxb4 53.f5 Rb1 54.f6 Rf1 55.Rxa7 b4 56.Rb7 Kc3 57.Rc7+ Kd3
58.Rd7+ Kc2 59.Rc7+ Kd3 60.Rd7+ Kc3 61.Rc7+ Kd3  1/2-1/2

[Event "7th Metropolitan IM"]
[Site "Los Angeles USA"]
[Date "2011.06.19"]
[Round "8"]
[White "Kavutskiy,K"]
[Black "Matikozian,A"]
[Result "0-1"]
[WhiteElo "2190"]
[BlackElo "2458"]

1.d4 Nf6 2.c4 g6 3.Nc3 Bg7 4.e4 d6 5.Nf3 O-O 6.Be2 Na6 7.O-O e5 8.Re1 c6
9.Rb1 exd4 10.Nxd4 Re8 11.Bf3 Nc5 12.b4 Ncd7 13.b5 Ne5 14.bxc6 bxc6 15.Be2 Qc7
16.h3 Ned7 17.Bf3 Bb7 18.Ncb5 cxb5 19.Nxb5 Qa5 20.Nxd6 Bc6 21.Nxe8 Rxe8 22.Qd2 Qa6
23.e5 Nxe5 24.Bxc6 Qxc6 25.Bb2 Ne4 26.Qc2 f5 27.Rbd1 Rc8 28.Bd4 Nxc4 29.Qb3 a5
30.Bxg7 Kxg7 31.f3 Qc5+ 32.Kh2 Qe5+ 33.Kg1 Qc5+ 34.Kh2 Qc7+ 35.Kg1 Ned6 36.Kh1 f4
37.Qc3+ Kg8 38.Qd4 Nf5 39.Qd5+ Qf7 40.Qxf7+ Kxf7 41.Rd7+ Kf6 42.Rc1 h5 43.Ra7 Rc6
44.Rd7 Ke6 45.Rd3 Ke5 46.Kg1 h4 47.Kf2 Nfe3 48.Rdc3 Kd4 49.Rb3 Rc5 50.Rb8 Rd5
51.Rc8 Rb5  0-1

[Event "34th MGU Open"]
[Site "Sofia BUL"]
[Date "2011.06.19"]
[Round "5.3"]
[White "Dobrev,Petko"]
[Black "Stanchev,P"]
[Result "1-0"]
[WhiteElo "1893"]
[BlackElo "1849"]

1.d4 Nf6 2.Nf3 g6 3.c4 Bg7 4.Nc3 O-O 5.e4 d6 6.Be2 Na6 7.O-O e5 8.d5 Nc5
9.Nd2 a5 10.f3 Nh5 11.Nb3 b6 12.Nxc5 bxc5 13.g3 f5 14.f4 Nf6 15.fxe5 dxe5
16.Bg5 h6 17.Bxf6 Rxf6 18.g4 f4 19.Bf3 Ba6 20.b3 Qd7 21.Rc1 Bf8 22.Rc2 g5
23.Rff2 Rg6 24.Rg2 Be7 25.h3 Kg7 26.a4 Rb6 27.Rb2 Rb7 28.Qb1 Qd6 29.Rgd2 Rba7
30.Ra2 Bd8 31.Qa1 Bf6 32.Nb5 Bxb5 33.axb5 Qb6 34.Ra4 Kf7 35.Kg2 Ke7 36.Rda2 Kd6
37.Qd1 Be7 38.Kh1 Kd7 39.Rd2 Kd6 40.Kg1 Bf6 41.Bg2 Be7 42.Rd3 Bf6 43.Qe2 Be7
44.h4 gxh4 45.g5 Bxg5 46.Qg4 Ke7 47.Bh3 Rd8 48.Qf5 Qd6 49.Qh7+ Kf6 50.Bf5 Raa8
51.Qg6+ Ke7 52.Qg7+  1-0

[Event "Voronezh FIDE Open"]
[Site "Voronezh RUS"]
[Date "2011.06.19"]
[Round "8.24"]
[White "Yakimenko,Alex"]
[Black "Klimov,Ivan"]
[Result "0-1"]
[WhiteElo "2225"]
[BlackElo "1928"]

1.d4 Nf6 2.c4 g6 3.Nc3 Bg7 4.e4 d6 5.Be2 O-O 6.Nf3 e5 7.O-O c6 8.Be3 Nbd7
9.Qc2 h6 10.h3 Nh5 11.Rfe1 Nf4 12.Bf1 Qf6 13.Bxf4 Qxf4 14.d5 Nf6 15.Qa4 b5
16.cxb5 cxb5 17.Qb3 Nh5 18.Nxb5 Rb8 19.Qc3 Rb6 20.Nxa7 Bd7 21.Qc7 Rxb2 22.Qxd7 f5
23.Qxd6 fxe4 24.Qa3 Rd2 25.Nxd2 Qxf2+ 26.Kh2 Qf4+ 27.g3 Qxd2+ 28.Re2 Rf2+
29.Rxf2 Qxf2+ 30.Bg2 e3 31.Rf1 Qxg3+ 32.Kh1 Nf4 33.Rxf4 exf4 34.Qd3 f3 35.Bf1 Qf2
36.d6 e2 37.Qd5+ Kh7 38.Bxe2 fxe2  0-1

[Event "49th National Challengers ch-IND"]
[Site "Aurangabad IND"]
[Date "2011.06.20"]
[Round "7"]
[White "Karthikeyan,P2"]
[Black "Koshy,V"]
[Result "1-0"]
[WhiteElo "2379"]
[BlackElo "2320"]

1.d4 d6 2.Nf3 g6 3.c4 Bg7 4.Nc3 Nd7 5.e4 e5 6.Be2 Ngf6 7.O-O O-O 8.Be3 Ng4
9.Bg5 f6 10.Bd2 Nh6 11.Qc2 Nf7 12.Rad1 Re8 13.Be3 c6 14.b4 Bh6 15.Bxh6 Nxh6
16.dxe5 dxe5 17.c5 Qe7 18.Bc4+ Kg7 19.Rd6 Nf8 20.Rfd1 Nf7 21.Bxf7 Qxf7 22.Nd2 Be6
23.Qa4 Rec8 24.Nf1 Qc7 25.Ne3 Kh8 26.R1d3 Qf7 27.b5 Nd7 28.bxc6 bxc6 29.Qa5 Rab8
30.h3 Rb7 31.Nc2 Kg7 32.Nb4 Rbc7 33.Rd2 Nb8 34.f4 exf4 35.Ne2 g5 36.Nd4 Bd7
37.Nd3 Rb7 38.e5 Qh5 39.exf6+ Kf8 40.Ne5 Rb1+ 41.Kh2 g4 42.Ne6+ Kg8 43.f7+ Qxf7
44.Nxg4  1-0

[Event "Voronezh Master Open"]
[Site "Voronezh RUS"]
[Date "2011.06.20"]
[Round "8.18"]
[White "Shchukin,D"]
[Black "Polivanov,A"]
[Result "0-1"]
[WhiteElo "2344"]
[BlackElo "2414"]

1.d4 Nf6 2.Nf3 g6 3.c4 d6 4.Nc3 Bg7 5.e4 O-O 6.Be2 Nbd7 7.O-O e5 8.Re1 Re8
9.Bf1 a6 10.Rb1 exd4 11.Nxd4 c6 12.Nc2 Qc7 13.f3 b5 14.Be3 Ne5 15.cxb5 axb5
16.Nb4 Be6 17.Rc1 Bc4 18.b3 Bxf1 19.Rxf1 Qa5 20.Nd3 Nxd3 21.Qxd3 d5 22.exd5 b4
23.Ne4 Nxd5 24.Bf2 Qa6 25.Qxa6 Rxa6 26.Rc2 Rea8 27.g3 f5 28.Nc5 Rxa2 29.Rxa2 Rxa2
30.Ne6 Bf6 31.Re1 Kf7 32.Bd4 Bxd4+ 33.Nxd4 c5 34.Re5 cxd4 35.Rxd5 Rd2 36.Rb5 d3
37.Rd5 Ke6 38.Rd8 Ke5 39.h4 h5  0-1

[Event "Voronezh Master Open"]
[Site "Voronezh RUS"]
[Date "2011.06.20"]
[Round "8.11"]
[White "Tunik,G"]
[Black "Belyakov,B"]
[Result "1-0"]
[WhiteElo "2427"]
[BlackElo "2349"]

1.d4 Nf6 2.c4 g6 3.Nc3 Bg7 4.e4 O-O 5.Nf3 d6 6.Be2 e5 7.Be3 Ng4 8.Bg5 f6
9.Bh4 g5 10.Bg3 Nh6 11.c5 f5 12.exf5 g4 13.f6 Bxf6 14.Nd2 exd4 15.Nd5 Bg7
16.cxd6 cxd6 17.O-O Nc6 18.Re1 Kh8 19.Bf1 Nf5 20.Bf4 Qa5 21.Bc4 Ne5 22.b4 Qd8
23.Rc1 Be6 24.Nf1 Rc8 25.Bb3 Qd7 26.Rxc8 Rxc8 27.Ng3 Nxg3 28.Bxg3 Qf7 29.Nf4 Bxb3
30.axb3 Rc3 31.Ne2 Rxb3 32.Nc1 Rc3 33.Bxe5 Bxe5 34.Qxg4 d3 35.Rd1 d2 36.Ne2 Rc4
37.Qg5 Rxb4 38.Qxd2 Rb2 39.Qd3 a5 40.f4 Bg7 41.Rc1 Qe8 42.Ng3  1-0

[Event "61st ch-RUS HL w"]
[Site "Taganrog RUS"]
[Date "2011.06.23"]
[Round "7"]
[White "Goryachkina,A"]
[Black "Severiukhina,Z"]
[Result "0-1"]
[WhiteElo "2103"]
[BlackElo "2291"]

1.d4 Nf6 2.c4 g6 3.Nc3 Bg7 4.e4 d6 5.Nf3 O-O 6.Be2 e5 7.Be3 Ng4 8.Bg5 f6
9.Bh4 g5 10.Bg3 Nh6 11.h3 Nd7 12.dxe5 dxe5 13.h4 g4 14.Nh2 Nc5 15.b4 Nxe4
16.Nxe4 f5 17.f3 fxe4 18.fxe4 Qe7 19.Rb1 Be6 20.Nf1 a5 21.b5 a4 22.Qc2 Qa3
23.Bf2 g3 24.Bg1 Ng4 25.Qc1 Qxc1+ 26.Rxc1 Nf2 27.Bxf2 gxf2+ 28.Kd1 Rad8+
29.Kc2 Bh6 30.Rb1 Rd4 31.Kc3 Rxe4 32.Rb2 a3 33.Rc2 Rff4 34.Kb4 Bf8+ 35.Ka5 Bxc4
36.g3 Bd5 37.gxf4 b6+  0-1

[Event "ch-Commonwealth RSA-Open"]
[Site "Ekurhuleni RSA"]
[Date "2011.06.24"]
[Round "8"]
[White "Ivana Maria,F"]
[Black "Cawdery,D"]
[Result "1/2-1/2"]
[WhiteElo "1999"]
[BlackElo "2274"]

1.d4 Nf6 2.c4 g6 3.Nc3 Bg7 4.Nf3 O-O 5.e4 d6 6.Be2 e5 7.O-O exd4 8.Nxd4 Re8
9.f3 Nc6 10.Be3 Bd7 11.Qd2 a6 12.Rae1 Rb8 13.Nxc6 bxc6 14.Bd4 c5 15.Bf2 Be6
16.b3 Qd7 17.h3 h5 18.Nd5 Bxd5 19.cxd5 Nh7 20.Qa5 Bh6 21.Bg3 Rb4  1/2-1/2

[Event "ch-Commonwealth RSA-Open"]
[Site "Ekurhuleni RSA"]
[Date "2011.06.24"]
[Round "8"]
[White "Klaasen,C"]
[Black "Bouah,L"]
[Result "1/2-1/2"]
[WhiteElo "2068"]
[BlackElo "2147"]

1.d4 Nf6 2.c4 g6 3.Nf3 Bg7 4.Nc3 O-O 5.e4 d6 6.Be2 e5 7.Be3 Ng4 8.Bg5 f6
9.Bh4 Nc6 10.d5 Ne7 11.Nd2 Nh6 12.f3 g5 13.Bf2 f5 14.Qc2 Ng6 15.O-O-O Nf4
16.Bf1 g4 17.h3 Rf7 18.Be3 g3 19.Kb1 Bd7 20.Ne2 Nxe2 21.Bxe2 f4 22.Bg1 c6
23.c5 cxd5 24.exd5 dxc5 25.Ne4 b6 26.Bc4 Kh8 27.d6 Rf8 28.a4 Qh4 29.Qb3 Rfe8
30.Bb5 Qd8 31.Bxc5 Bxb5 32.axb5 bxc5 33.Nxc5 Bf6 34.d7 Rg8 35.Qe6 Qe7 36.Qc6 Nf7
37.Rd5 Rab8 38.Rhd1 Nd8 39.Qa6 Rb6 40.Qa4 Qf7 41.Ne4 Ne6 42.Qxa7 Bd8 43.Rxe5 Qg6
44.Ka1 Nc7 45.Qa4 Nxb5 46.Qc4 Nc7 47.Rd3 Rc6 48.Rc5 Rxc5 49.Nxc5 Qf6 50.Kb1 Qg6
51.Nb7 Ne6  1/2-1/2

[Event "49th National Challengers ch-IND"]
[Site "Aurangabad IND"]
[Date "2011.06.26"]
[Round "13"]
[White "Suvrajit,S"]
[Black "Kamble,V"]
[Result "1/2-1/2"]
[WhiteElo "2370"]
[BlackElo "2406"]

1.Nf3 Nf6 2.d4 g6 3.c4 Bg7 4.Nc3 O-O 5.e4 d6 6.Be2 Na6 7.O-O e5 8.dxe5 dxe5
9.Qxd8 Rxd8 10.Nxe5 Nxe4 11.Nxe4 Bxe5 12.Rd1 Rxd1+ 13.Bxd1 Be6 14.Be2 Kg7
15.Be3 b6  1/2-1/2

[Event "ch-Commonwealth RSA-Open"]
[Site "Ekurhuleni RSA"]
[Date "2011.06.26"]
[Round "2"]
[White "Du Toit,Sune"]
[Black "Bouah,L"]
[Result "0-1"]
[WhiteElo "1737"]
[BlackElo "2147"]

1.d4 Nf6 2.c4 g6 3.Nc3 Bg7 4.e4 d6 5.Be2 O-O 6.Nf3 e5 7.d5 a5 8.Bg5 h6 9.Bh4 Na6
10.Nd2 Qe8 11.O-O Nh7 12.Bg4 Bxg4 13.Qxg4 h5 14.Qg3 f6 15.f4 exf4 16.Qf3 Bh6
17.Be1 g5 18.Ne2 f5 19.Nd4 g4 20.Qd3 Nc5 21.Qc2 fxe4 22.N2b3 Qg6 23.Nxc5 dxc5
24.Ne6 Rf7 25.Nxc5 Qb6 26.Bf2 e3 27.Bxe3 Bf8 28.Qf2 h4 29.Ne6 Qxe6 30.dxe6 Rf6
31.Rae1 Rxe6  0-1

[Event "6th Dvorkovich Cup"]
[Site "Moscow RUS"]
[Date "2011.06.26"]
[Round "2.12"]
[White "Gaboyan,S"]
[Black "Wang Jue"]
[Result "0-1"]
[WhiteElo "1851"]
[BlackElo "2308"]

1.d4 Nf6 2.c4 g6 3.Nc3 Bg7 4.e4 d6 5.Nf3 O-O 6.Be2 e5 7.O-O Na6 8.Be3 Ng4
9.Bg5 Qe8 10.h3 f6 11.hxg4 fxg5 12.dxe5 dxe5 13.Nxg5 Qe7 14.Nh3 c6 15.Qd2 Nc7
16.a3 Ne6 17.b4 Nf4 18.Qe3 Qh4 19.Qg3 Qxg3 20.fxg3 Nxe2+ 21.Nxe2 Bxg4 22.Nc3 Bh6
23.Kh2 Be3 24.Na4 Rad8 25.Rxf8+ Kxf8 26.Rf1+ Ke7 27.Nf2 Bxf2 28.Rxf2 Rd4
29.Nc5 b6 30.Na6 Rxc4 31.Rd2 Rd4 32.Rc2 Kd6 33.Nb8 c5 34.b5 Bd7 35.Rf2 Bxb5
36.Rf7 Ra4 37.Rxh7 Rxa3 38.Rg7 c4 39.Rg8 Kc7  0-1

[Event "ch-Commonwealth RSA-Open"]
[Site "Ekurhuleni RSA"]
[Date "2011.06.27"]
[Round "4"]
[White "Lafuente,P"]
[Black "Bouah,L"]
[Result "1-0"]
[WhiteElo "2555"]
[BlackElo "2147"]

1.d4 Nf6 2.c4 g6 3.Nc3 Bg7 4.e4 d6 5.Nf3 O-O 6.Be2 e5 7.Be3 Ng4 8.Bg5 f6
9.Bh4 Nc6 10.d5 Ne7 11.O-O Nh6 12.Nd2 Bd7 13.f3 Qe8 14.Rc1 Nf7 15.Nb5 Qd8
16.c5 dxc5 17.Rxc5 c6 18.dxc6 Bxc6 19.Nb3 b6 20.Rc3 g5 21.Bf2 f5 22.Qc2 Bxb5
23.Bxb5 fxe4 24.Rd1 Nd6 25.fxe4 Rc8 26.Be3 Rxc3 27.Qxc3 Qb8 28.Bxg5 Ng6 29.Bf1 Kh8
30.Qc6 Nf7 31.Be3 Nh6 32.Qd7 Ng8 33.Nd2 Nf6 34.Qh3 Qd6 35.Rc1 Nf4 36.Qf3 Nd7
37.Qd1 Nf6 38.g3 Ne6 39.Bg2 Rd8 40.h3 Bf8 41.Qf1 Nd4 42.Nf3 Ne6 43.Nh4 Ng7
44.Nf5 Nxf5 45.Qxf5 Be7 46.Kh2 Nd7 47.Qf7 Nf6 48.Rc2 Rf8 49.Qc4 Bd8 50.Rd2 Qe7
51.Rf2 Qg7 52.Rf5 Re8 53.Qc6 Nd7 54.Bh6 Qe7 55.Bf1 Nb8 56.Qd5 Qb4 57.Qf7 Rg8
58.Bc4 Qxb2+ 59.Rf2  1-0

[Event "ch-Commonwealth RSA-Open"]
[Site "Ekurhuleni RSA"]
[Date "2011.06.27"]
[Round "4"]
[White "Peretz,Leon"]
[Black "Rubery,M"]
[Result "1-0"]
[WhiteElo "1897"]
[BlackElo "2239"]

1.d4 Nf6 2.c4 d6 3.Nc3 g6 4.e4 Bg7 5.Nf3 O-O 6.Be2 Na6 7.O-O e5 8.Bg5 h6
9.Bc1 c6 10.h3 exd4 11.Nxd4 Re8 12.Re1 Qb6 13.a3 Nc5 14.Bf3 Ncxe4 15.Bxe4 Nxe4
16.Nxe4 Qxd4 17.Qxd4 Bxd4 18.Nf6+ Bxf6 19.Rxe8+  1-0

[Event "ch-Commonwealth RSA-Open"]
[Site "Ekurhuleni RSA"]
[Date "2011.06.28"]
[Round "6"]
[White "Bornheim,D"]
[Black "Rubery,M"]
[Result "1/2-1/2"]
[WhiteElo "1730"]
[BlackElo "2239"]

1.d4 Nf6 2.c4 g6 3.Nc3 d6 4.e4 Bg7 5.Nf3 Na6 6.Be2 O-O 7.O-O e5 8.Be3 Ng4
9.Bg5 Qe8 10.d5 h6 11.Bh4 f5 12.Ne1 Nf6 13.f3 g5 14.Bf2 f4 15.Nd3 h5 16.c5 g4
17.cxd6 cxd6 18.a4 Qg6 19.Nb5 g3 20.hxg3 fxg3 21.Be3 Nh7 22.Qe1 b6 23.Rc1 Bd7
24.b3 Nc5 25.Rc3 Rf4 26.Nxf4 exf4 27.Bxf4 Qf6 28.Bxg3 Bxb5 29.Bxb5 Qxc3 30.Qxc3 Bxc3
31.Bxd6 Nxb3  1/2-1/2

[Event "TCh-TUR 2011"]
[Site "Konya TUR"]
[Date "2011.06.28"]
[Round "1"]
[White "Yeke,S"]
[Black "Duman,A"]
[Result "1-0"]
[WhiteElo "2293"]
[BlackElo "2188"]

1.Nf3 Nf6 2.c4 g6 3.Nc3 Bg7 4.e4 d6 5.d4 O-O 6.Be2 e5 7.d5 a5 8.Bg5 h6 9.Bh4 Na6
10.Nd2 Qe8 11.O-O Nh7 12.a3 h5 13.f3 Bd7 14.Kh1 Bf6 15.Bf2 h4 16.b4 Bg5 17.Rb1 axb4
18.axb4 b6 19.c5 bxc5 20.bxc5 Nxc5 21.Bxc5 dxc5 22.Nc4 Nf6 23.d6 c6 24.Na4 Nh5
25.Nxc5 Kg7 26.Re1 Ra2 27.Bf1 Ng3+ 28.Kg1 Nxf1 29.Rxf1 Be6 30.Qd3 h3 31.g3 Qa8
32.Nxe6+ fxe6 33.Rf2 Qa7 34.Rb7+ Qxb7 35.Rxa2 Rxf3 36.Qxf3 Qb1+ 37.Qf1 Qxa2
38.Nxe5 Be3+ 39.Kh1 Bf2 40.Nf3 Qc2 41.d7 Qb3 42.Ng5  1-0

[Event "TCh-TUR 2011"]
[Site "Konya TUR"]
[Date "2011.06.28"]
[Round "1"]
[White "Agamaliev,G"]
[Black "Arduman,C"]
[Result "1/2-1/2"]
[WhiteElo "2523"]
[BlackElo "2349"]

1.d4 Nf6 2.Nf3 g6 3.c4 Bg7 4.Nc3 O-O 5.e4 d6 6.Be2 e5 7.d5 a5 8.Bg5 h6 9.Bh4 Na6
10.Nd2 Qe8 11.a3 Bd7 12.b3 Nh7 13.O-O h5 14.f3 Bh6 15.Kh1 Be3 16.Ra2 f5 17.exf5 gxf5
18.Qb1 Qg6 19.b4 axb4 20.axb4 Rae8 21.Re1 Qh6 22.Nf1 Bd4 23.Nb5 Bb6 24.Bd3 Qf4
25.Bg3 Qh6 26.Bf2 Bxf2 27.Rxf2 Nf6 28.Nc3 e4 29.fxe4 Ng4 30.Rf3 f4 31.Be2 Ne5
32.Rf2 Ng4 33.Rf3 Ne5 34.Rf2 Ng4  1/2-1/2

[Event "Ladislava Kotana Mem"]
[Site "Kosice SVK"]
[Date "2011.06.28"]
[Round "5"]
[White "Odnorozhenko,E"]
[Black "Istona,Martin"]
[Result "1-0"]
[WhiteElo "2319"]
[BlackElo "1941"]

1.d4 Nf6 2.c4 g6 3.Nc3 Bg7 4.e4 d6 5.Nf3 O-O 6.Be2 e5 7.d5 a5 8.Bg5 h6 9.Bh4 Na6
10.Nd2 Bd7 11.O-O Nc5 12.b3 Nfxe4 13.Bxd8 Nxc3 14.Qe1 Rfxd8 15.Nb1 Nxe2+
16.Qxe2 e4 17.Na3 Bxa1 18.Rxa1 Re8 19.Nc2 Re5 20.Rd1 f5 21.Qe3 Kh7 22.f4 exf3
23.Qxf3 Rae8 24.h3 g5 25.Qc3 b6 26.Nd4 Re3 27.Qc2 Ne4 28.Qc1 Ng3 29.Qb1 Kg6
30.Kh2 Ne4 31.Qc1 Rc3 32.Qa1 Re3 33.Re1 Rxe1 34.Qxe1 Nc5 35.Qd2 Ne4 36.Qc2 Re5
37.g3 h5 38.h4 f4 39.gxf4 gxf4 40.Nf3 Re7 41.Ng5 Bf5 42.Nxe4 Bxe4 43.Qc1 Rf7
44.Qg1+ Kh7 45.Qd4 Bb1 46.Kg1 f3 47.Kf2 Bg6 48.Qe3 Kg7 49.a3 Kh7 50.b4 axb4
51.axb4 Kg7 52.b5 Kh7 53.Qg5 Kg7 54.Qd8 Bd3 55.Qg5+ Bg6 56.Qd8 Bd3 57.c5 bxc5
58.b6 cxb6 59.Qxd6 Rf6 60.Qc7+ Rf7 61.Qxb6 Bf5 62.Kxf3 c4 63.Ke3 Kg8 64.Qc6 c3
65.Qxc3 Bg4 66.Qe5 Rf3+ 67.Kd4 Rf1 68.d6 Rd1+ 69.Kc5 Rc1+ 70.Kb6 Rb1+ 71.Ka7 Rd1
72.Qf6 Rc1  1-0

[Event "TCh-TUR 2011"]
[Site "Konya TUR"]
[Date "2011.06.29"]
[Round "2"]
[White "Bayram,Y"]
[Black "Duman,A"]
[Result "1/2-1/2"]
[WhiteElo "2268"]
[BlackElo "2188"]

1.d4 Nf6 2.c4 g6 3.Nc3 Bg7 4.e4 d6 5.Nf3 O-O 6.Be2 e5 7.O-O Na6 8.d5 Nc5
9.Qc2 a5 10.Ne1 Nfd7 11.Bg4 f5 12.exf5 Nf6 13.Bh3 gxf5 14.f4 Nfe4 15.Nf3 Nxc3
16.bxc3 Ne4 17.fxe5 dxe5 18.g3 Qe7 19.Be3 Qa3 20.Rac1 Bf6 21.Kh1 Qe7 22.Nd2 Nxd2
23.Bxd2 Bg5 24.Rce1 e4 25.Bf4 Ra6 26.Bg2 Bf6 27.g4 fxg4 28.Bh6 Bg7 29.Rxf8+ Qxf8
30.Bxg7 Kxg7 31.Qxe4 Rf6 32.Qd4 b6 33.Rf1 Qe7 34.Be4 h6 35.Bh7 Kf7 36.Bg8+ Kg7
37.Kg1 Bd7 38.Be6 Bxe6 39.Qe5 Qc5+ 40.Kg2 Bxd5+ 41.cxd5 Qd6 42.Qd4 h5 43.Rf5 Kg6
44.Re5 Qc5 45.Qd3+ Kg7 46.Qd2 Kf8 47.Rxh5 Qc4 48.Qe1 Qf4 49.Re5 Kg7 50.Re7+ Rf7
51.Rxf7+ Qxf7 52.Qe5+ Kf8 53.Kg3 Qf3+ 54.Kh4 Qf2+ 55.Kxg4 Qxa2 56.h4 Qg2+
57.Kf5 Qf3+ 58.Kg5 Qf7 59.Kh6 Qe7 60.Qf5+ Ke8 61.Qc8+ Kf7 62.Kh5 Qe5+ 63.Kg4 Qe4+
64.Kg3 Qd3+ 65.Kf2 Qc2+ 66.Kf1 Qd2 67.Qe6+  1/2-1/2

[Event "XIX Open A"]
[Site "Montcada i Reixac ESP"]
[Date "2011.06.30"]
[Round "6"]
[White "Cornette,M"]
[Black "Camacho Collados,J"]
[Result "1-0"]
[WhiteElo "2562"]
[BlackElo "2380"]

1.d4 Nf6 2.c4 g6 3.Nc3 Bg7 4.e4 d6 5.Nf3 O-O 6.Be2 Na6 7.O-O e5 8.Be3 Ng4
9.Bg5 Qe8 10.Re1 c6 11.h3 f6 12.Bc1 Nh6 13.Bf1 Nf7 14.Rb1 Nc7 15.b4 b5 16.dxe5 dxe5
17.Be3 Qd7 18.Qb3 Ba6 19.cxb5 Bxb5 20.Red1 Qc8 21.Nxb5 cxb5 22.Rbc1 Rd8 23.Bxb5 Rxd1+
24.Qxd1 Rb8 25.Qd7 Qxd7 26.Bxd7 Na6 27.b5 Nb4 28.Bxa7  1-0